000 00846nam a2200253Ia 4500
003 OSt
005 20220923215625.0
006 a|||||r|||| 00| 0
007 ta
008 220922b |||||||| |||| 00| 0 hin d
024 _a180,327
037 _cTextual
040 _aARTS
_cARTS
_bhin
041 _2hin
_ahin
082 _aO152,1J44:g, K6
100 _aचतुर्वेदी, परशुराम, संपा.
245 0 _aदादूदयाल
246 _aDādūdayāla
260 _aवाराणसी
_b नागरीप्रचारिणी सभा
_c1966
300 _a658पृ.
_ccm.
650 _aहिन्दी साहित्य
_9156264
942 _hO152,1J44:g, K6
_cTEXL
_2CC
999 _c333708
_d333708